| 000 | 02389cam a22005654a 4500 | ||
|---|---|---|---|
| 001 | muse1433 | ||
| 003 | MdBmJHUP | ||
| 005 | 20210127150857.0 | ||
| 006 | m o d | ||
| 007 | cr||||||||nn|n | ||
| 008 | 091102s2010 mdu o 00 0 eng d | ||
| 010 | _z 2009046067 | ||
| 020 | _a9780801899263 | ||
| 020 | _a0801899265 | ||
| 020 | _z9780801896255 (hardcover : alk. paper) | ||
| 020 | _z0801896258 (hardcover : alk. paper) | ||
| 035 | _a(OCoLC)794700420 | ||
| 040 |
_aMdBmJHUP _cMdBmJHUP |
||
| 043 | _ae-fr--- | ||
| 050 | 0 | 4 |
_aDC101.7.I7 _bA336 2010 |
| 082 | 0 |
_a944/.026092 _aB _222 |
|
| 100 | 1 |
_aAdams, Tracy, _d1959- |
|
| 245 | 1 | 4 |
_aThe Life and Afterlife of Isabeau of Bavaria _cTracy Adams. |
| 264 | 1 | _bJohns Hopkins University Press, | |
| 264 | 3 | _bProject MUSE, | |
| 300 |
_a1 online resource (xxvi, 338 p.) : _bmap ; |
||
| 490 | 0 | _aRethinking theory | |
| 504 | _aIncludes bibliographical references and index. | ||
| 505 | 0 | _aIsabeau of Bavaria : her life -- Isabeau of Bavaria : her afterlife -- Isabeau mediatrix : defining the mediator queen -- Isabeau's contemporary reputation -- Isabeau of Bavaria and the cour amoureuse -- Reinterpreting the enlevement du dauphin -- Revisiting the Treaty of Troyes -- Wife, mother, friend. | |
| 506 | 0 |
_aOpen Access _fUnrestricted online access _2star |
|
| 588 | _aDescription based on print version record. | ||
| 600 | 0 | 1 |
_aCharles _bVI, _cKing of France, _d1368-1422. |
| 600 | 0 | 1 |
_aIsabella, _cQueen, consort of Charles VI, King of France, _d1370-1435 _xPublic opinion. |
| 600 | 0 | 1 |
_aIsabella, _cQueen, consort of Charles VI, King of France, _d1370-1435. |
| 650 | 0 |
_aWomen _xPolitical activity _zFrance _xHistory _yTo 1500. |
|
| 650 | 0 |
_aMediators (Persons) _zFrance _vBiography. |
|
| 650 | 0 |
_aQueens _zFrance _vBiography. |
|
| 651 | 0 |
_aFrance _xHistory _yCharles VI, 1380-1422. |
|
| 655 | 7 |
_aElectronic books. _2local |
|
| 710 | 2 |
_aProject Muse. _edistributor |
|
| 830 | 0 | _aRethinking theory (Baltimore, Md.) | |
| 830 | 0 | _aBook collections on Project MUSE. | |
| 856 | 4 | 0 |
_zFull text available: _uhttps://muse.jhu.edu/book/477/ |
| 945 | _aProject MUSE - 2010 History | ||
| 945 | _aProject MUSE - 2010 Complete | ||
| 999 |
_c23814 _d23814 |
||